| 000 | 02036nam a2200517 i 4500 | ||
|---|---|---|---|
| 001 | 45338 | ||
| 003 | KOSZ 005 | ||
| 005 | 20240405063148.0 | ||
| 008 | 060218s2004 pl a f |000 0 pol | ||
| 015 | _aPB 2006/9591 | ||
| 040 |
_aWA N _cWA N _dKOSZ 005/HR |
||
| 041 | 0 |
_apol _beng |
|
| 046 | _k2004 | ||
| 080 | _a338.47(438)"1989/..." | ||
| 080 | _a338.47(4-67) | ||
| 080 | _a656.1/.7(438)"1989/..." | ||
| 080 | _a656.1/.7(4-67) | ||
| 100 | 1 |
_aKromer, Bożenna _eAutor |
|
| 245 | 1 | 0 |
_aSystem polskiego transportu w świetle integracji z Unią Europejską / _cBożenna Kromer. |
| 260 |
_aKoszalin : _bWydawnictwo Uczelniane Politechniki Koszalińskiej, _c2004. |
||
| 300 |
_a291, [1] s. : _bil. ; _c24 cm. |
||
| 336 |
_2rdacontent _aTekst _btxt |
||
| 337 |
_2rdamedia _aBez urządzenia pośredniczącego _bn |
||
| 338 |
_2rdacarrier _aWolumin _bnc |
||
| 380 | _aKsiążki | ||
| 380 | _aPublikacje naukowe | ||
| 388 | _a2001- | ||
| 490 | 1 | _aMonografia Wydziału Ekonomii i Zarządzania / [Politechnika Koszalińska] | |
| 500 | _aNr ISSN 0239-7129 oraz nr 105 związany jest z tyt. kluczowym: Monografie - Wyższa Szkoła Inżynierska w Koszalinie. | ||
| 504 | _aBibliogr. s. 271-287. | ||
| 546 | _aStreszcz. ang. | ||
| 610 | 2 | 4 | _aUnia Europejska (UE) |
| 648 | 4 | _a1901-2000 | |
| 648 | 4 | _a1989-2000 | |
| 648 | 4 | _a2001- | |
| 650 | 4 | _aPolityka transportowa | |
| 650 | 4 | _aPolityka transportowa UE | |
| 651 | 4 | _aPolska | |
| 658 | _aPolityka, politologia, administracja publiczna | ||
| 658 | _aTransport i logistyka | ||
| 710 | 2 |
_aWydawnictwo Uczelniane (Politechnika Koszalińska) _4pbl. |
|
| 830 | 0 | _aMonografia Wydziału Ekonomii i Zarządzania - Politechnika Koszalińska | |
| 856 |
_uhttp://koha.tu.koszalin.pl/cgi-bin/koha/opac-detail.pl?biblionumber=45338 _zKatalog online BPK |
||
| 856 |
_uhttp://dlibra.tu.koszalin.pl/dlibra/docmetadata?id=704&from=&dirids=1&ver_id=&lp=1&QI= _zBiblioteka Cyfrowa |
||
| 942 |
_2UKD _cKS |
||
| 999 |
_c45338 _d45338 |
||